[Event "European Online Club-ch-A 2021"]
[Site "Online"]
[Date "2021.03.27"]
[Round "1.10"]
[White "Durak, Can"]
[Black "Istratescu, Andrei"]
[Result "1/2-1/2"]
[WhiteElo "2187"]
[BlackElo "2553"]
[Annotator "ChessBase"]
[PlyCount "115"]
[EventDate "2021.03.27"]
[EventType "team-tourn"]
[EventCountry "NET"]
[SourceTitle "playchess.com"]
[Source "ChessBase"]
[SourceQuality "1"]
[TimeControl "900+5"]

1. d4 {[%emt 0:00:00]} Nf6 {[%emt 0:00:08]} 2. c4 {[%emt 0:00:06]} e6 {[%emt 0:00:05]} 3. Nc3 {[%emt 0:00:07]} Bb4 {[%emt 0:00:03]} 4. e3 {[%emt 0:00:04]} b6 {[%emt 0:00:06]} 5. Bd2 {[%emt 0:00:06]} Bb7 {[%emt 0:00:09]} 6. Nf3 {[%emt 0:00:05]} O-O {[%emt 0:00:04]} 7. Be2 {[%emt 0:00:07]} d6 {[%emt 0:00:14]} 8. O-O {[%emt 0:00:08]} Nbd7 {[%emt 0:00:03]} 9. Rc1 {[%emt 0:00:03]} Bxc3 {[%emt 0:00:06]} 10. Bxc3 {[%emt 0:00:17]} Ne4 {[%emt 0:00:02]} 11. Be1 {[%emt 0:00:02]} f5 {[%emt 0:00:07]} 12. Nd2 {[%emt 0:00:12]} Nxd2 {[%emt 0:00:22]} 13. Bxd2 {[%emt 0:00:37]} a5 {[%emt 0:00:14]} 14. Bf3 {[%emt 0:01:58]} Bxf3 {[%emt 0:00:06]} 15. Qxf3 {[%emt 0:00:02]} Nf6 {[%emt 0:00:03]} 16. Qe2 {[%emt 0:00:07]} Qe7 {[%emt 0:00:24]} 17. Rfd1 {[%emt 0:02:10]} e5 {[%emt 0:00:25]} 18. dxe5 {[%emt 0:00:32]} Qxe5 {[%emt 0:00:04]} 19. Bc3 {[%emt 0:00:02]} Qe6 {[%emt 0:00:05]} 20. Bxf6 {[%emt 0:00:16]} Rxf6 {[%emt 0:00:03]} 21. Rd4 {[%emt 0:00:03]} Re8 {[%emt 0:00:16]} 22. Qf3 {[%emt 0:00:05]} Rf7 {[%emt 0:00:12]} 23. h3 {[%emt 0:00:06]} h6 {[%emt 0:00:27]} 24. Qc6 {[%emt 0:01:11]} Ree7 {[%emt 0:00:19]} 25. Rcd1 {[%emt 0:00:23]} Qd7 {[%emt 0:00:34]} 26. Qxd7 {[%emt 0:02:27]} Rxd7 {[%emt 0:00:03]} 27. g3 {[%emt 0:00:02]} Rde7 {[%emt 0:00:13]} 28. Kg2 {[%emt 0:00:03]} g6 {[%emt 0:00:07]} 29. Kf3 {[%emt 0:00:04]} Kg7 {[%emt 0:00:02]} 30. b3 {[%emt 0:01:59]} Re5 {[%emt 0:00:10]} 31. Rd5 {[%emt 0:00:34]} Kf6 {[%emt 0:00:09]} 32. Rxe5 {[%emt 0:00:06]} Kxe5 {[%emt 0:00:04]} 33. Rd5+ {[%emt 0:00:02]} Ke6 {[%emt 0:00:01]} 34. h4 {[%emt 0:00:16]} Rf8 {[%emt 0:00:23]} 35. Kf4 {[%emt 0:00:13]} Rg8 {[%emt 0:00:10]} 36. e4 {[%emt 0:01:22]} fxe4 {[%emt 0:00:07]} 37. Kxe4 {[%emt 0:00:02]} Rf8 {[%emt 0:00:43]} 38. f4 {[%emt 0:00:05]} c6 {[%emt 0:00:05]} 39. Rd1 {[%emt 0:00:03]} h5 {[%emt 0:00:07]} 40. Kf3 {[%emt 0:00:47]} Rd8 {[%emt 0:00:07]} 41. g4 {[%emt 0:00:13]} hxg4+ {[%emt 0:00:04]} 42. Kxg4 {[%emt 0:00:02]} Kf6 {[%emt 0:00:02]} 43. Rf1 {[%emt 0:00:53]} d5 {[%emt 0:00:04]} 44. f5 {[%emt 0:00:03]} dxc4 {[%emt 0:00:12]} 45. fxg6+ {[%emt 0:00:03]} Kxg6 {[%emt 0:00:02]} 46. bxc4 {[%emt 0:00:04]} Rd2 {[%emt 0:00:17]} 47. h5+ {[%emt 0:00:12]} Kg7 {[%emt 0:00:04]} 48. h6+ {[%emt 0:00:24]} Kg6 {[%emt 0:00:23]} 49. h7 {[%emt 0:00:02]} Kxh7 {[%emt 0:00:02]} 50. Rf6 {[%emt 0:00:02]} Rxa2 {[%emt 0:00:08]} 51. Rxc6 {[%emt 0:00:02]} Rb2 {[%emt 0:00:02]} 52. c5 {[%emt 0:00:12]} bxc5 {[%emt 0:00:03]} 53. Rxc5 {[%emt 0:00:02]} a4 {[%emt 0:00:17]} 54. Ra5 {[%emt 0:00:02]} Kg6 {[%emt 0:00:05]} 55. Ra6+ {[%emt 0:00:03]} Kf7 {[%emt 0:00:03]} 56. Rxa4 {[%emt 0:00:02]} Ke6 {[%emt 0:00:02]} 57. Re4+ {[%emt 0:00:03]} Kd5 {[%emt 0:00:02]} 58. Re8 {[%emt 0:00:03]} 1/2-1/2

[Event "European Online Club-ch-A 2021"]
[Site "Online"]
[Date "2021.03.27"]
[Round "1.11"]
[White "Marin, Mihail"]
[Black "Gurel, Ediz"]
[Result "1/2-1/2"]
[WhiteElo "2502"]
[BlackElo "2168"]
[Annotator "ChessBase"]
[PlyCount "94"]
[EventDate "2021.03.27"]
[EventType "team-tourn"]
[EventCountry "NET"]
[SourceTitle "playchess.com"]
[Source "ChessBase"]
[SourceQuality "1"]
[TimeControl "900+5"]

1. d4 {[%emt 0:00:00]} Nf6 {[%emt 0:00:06]} 2. Nf3 {[%emt 0:00:03]} e6 {[%emt 0:00:08]} 3. e3 {[%emt 0:00:03]} b6 {[%emt 0:00:07]} 4. Bd3 {[%emt 0:00:03]} Bb7 {[%emt 0:00:01]} 5. O-O {[%emt 0:00:02]} Be7 {[%emt 0:00:05]} 6. b3 {[%emt 0:00:08]} O-O {[%emt 0:00:02]} 7. Bb2 {[%emt 0:00:02]} d5 {[%emt 0:00:12]} 8. Nbd2 {[%emt 0:00:09]} c5 {[%emt 0:00:14]} 9. Ne5 {[%emt 0:00:08]} Nbd7 {[%emt 0:00:58]} 10. f4 {[%emt 0:00:05]} Ne4 {[%emt 0:01:15]} 11. Nxe4 {[%emt 0:00:36]} dxe4 {[%emt 0:00:05]} 12. Bc4 {[%emt 0:00:03]} cxd4 {[%emt 0:02:33]} 13. exd4 {[%emt 0:02:05]} Nxe5 {[%emt 0:00:51]} 14. fxe5 {[%emt 0:00:16]} Rc8 {[%emt 0:01:06]} 15. Be2 {[%emt 0:03:54]} Rc7 {[%emt 0:01:30]} 16. c4 {[%emt 0:00:29]} Rd7 {[%emt 0:00:47]} 17. Kh1 {[%emt 0:02:11]} Bc5 {[%emt 0:00:39]} 18. d5 {[%emt 0:02:21]} exd5 {[%emt 0:00:05]} 19. Bg4 {[%emt 0:00:04]} Re7 {[%emt 0:00:24]} 20. Qe1 {[%emt 0:00:21]} dxc4 {[%emt 0:01:57]} 21. Rd1 {[%emt 0:00:42]} Qa8 {[%emt 0:00:33]} 22. b4 {[%emt 0:00:07]} e3 {[%emt 0:00:02]} 23. bxc5 {[%emt 0:00:29]} Bxg2+ {[%emt 0:00:05]} 24. Kg1 {[%emt 0:00:03]} Bxf1 {[%emt 0:00:01]} 25. Qxf1 {[%emt 0:00:02]} bxc5 {[%emt 0:01:12]} 26. Qf4 {[%emt 0:00:25]} Rd8 {[%emt 0:00:29]} 27. Qxe3 {[%emt 0:00:31]} Rxd1+ {[%emt 0:00:03]} 28. Bxd1 {[%emt 0:00:02]} Qb8 {[%emt 0:00:29]} 29. Bc3 {[%emt 0:00:18]} Qb1 {[%emt 0:00:28]} 30. Qd2 {[%emt 0:00:08]} h6 {[%emt 0:00:21]} 31. Kf2 {[%emt 0:00:19]} Qf5+ {[%emt 0:00:10]} 32. Ke1 {[%emt 0:00:44]} Rd7 {[%emt 0:00:08]} 33. Qb2 {[%emt 0:00:15]} Rd3 {[%emt 0:00:19]} 34. Be2 {[%emt 0:00:10]} Rh3 {[%emt 0:00:13]} 35. e6 {[%emt 0:00:16]} Qxe6 {[%emt 0:00:06]} 36. Bxg7 {[%emt 0:00:06]} Rxh2 {[%emt 0:00:02]} 37. Qb8+ {[%emt 0:00:03]} Kxg7 {[%emt 0:00:04]} 38. Qxh2 {[%emt 0:00:03]} Qe3 {[%emt 0:00:05]} 39. Qg2+ {[%emt 0:00:03]} Kh7 {[%emt 0:00:07]} 40. Qb7 {[%emt 0:00:06]} Qg1+ {[%emt 0:00:05]} 41. Kd2 {[%emt 0:00:03]} Qg5+ {[%emt 0:00:07]} 42. Kd1 {[%emt 0:00:06]} Qg1+ {[%emt 0:00:08]} 43. Kc2 {[%emt 0:00:06]} Qg6+ {[%emt 0:00:03]} 44. Kd1 {[%emt 0:00:09]} Qg1+ {[%emt 0:00:04]} 45. Kc2 {[%emt 0:00:03]} Qg6+ {[%emt 0:00:02]} 46. Kc3 {[%emt 0:00:08]} Qf6+ {[%emt 0:00:02]} 47. Kc2 {[%emt 0:00:13]} Qg6+ {[%emt 0:00:02]} 1/2-1/2

[Event "European Online Club-ch-A 2021"]
[Site "Online"]
[Date "2021.03.27"]
[Round "1.12"]
[White "Emir, Doruk"]
[Black "Arkell, Keith C"]
[Result "1/2-1/2"]
[WhiteElo "1852"]
[BlackElo "2381"]
[Annotator "NA"]
[PlyCount "148"]
[EventDate "2021.03.27"]
[EventType "team-tourn"]
[EventCountry "NET"]
[SourceTitle "playchess.com"]
[Source "ChessBase"]
[SourceQuality "1"]
[TimeControl "900+5"]

1. e4 {[%emt 0:00:00]} c6 {[%emt 0:00:15]} 2. d4 {[%emt 0:00:04]} d5 {[%emt 0:00:04]} 3. Nd2 {[%emt 0:00:04]} dxe4 {[%emt 0:00:03]} 4. Nxe4 {[%emt 0:00:02]} Nd7 {[%emt 0:00:02]} 5. Nf3 {[%emt 0:00:10]} Ngf6 {[%emt 0:00:02]} 6. Nxf6+ {[%emt 0:00:07]} Nxf6 {[%emt 0:00:03]} 7. c3 {[%emt 0:00:08]} Bg4 {[%emt 0:00:08]} 8. h3 {[%emt 0:00:35]} Bxf3 {[%emt 0:00:05]} 9. Qxf3 {[%emt 0:00:18]} e6 {[%emt 0:00:00]} 10. Bd3 {[%emt 0:02:10]} Be7 {[%emt 0:00:05]} 11. O-O {[%emt 0:00:03]} O-O {[%emt 0:00:05]} 12. Bf4 {[%emt 0:00:40]} a6 {[%emt 0:00:12]} 13. Rfe1 {[%emt 0:00:23]} Rc8 {[%emt 0:00:07]} 14. Rad1 {[%emt 0:00:34]} Qd5 {[%emt 0:00:04]} 15. Qxd5 {[%emt 0:00:31]} Nxd5 {[%emt 0:00:07]} 16. Bg3 {[%emt 0:00:13]} Rfd8 {[%emt 0:00:06]} 17. Be4 {[%emt 0:00:12]} b5 {[%emt 0:00:21]} 18. Kf1 {[%emt 0:02:06]} h6 {[%emt 0:00:10]} 19. Rd3 {[%emt 0:00:58]} Bd6 {[%emt 0:00:11]} 20. Bxd6 {[%emt 0:00:31]} Rxd6 {[%emt 0:00:05]} 21. Red1 {[%emt 0:00:01]} g5 {[%emt 0:00:21]} 22. g3 {[%emt 0:00:45]} Kg7 {[%emt 0:00:05]} 23. Ke2 {[%emt 0:00:05]} Rd7 {[%emt 0:00:08]} 24. Bxd5 {[%emt 0:01:32]} cxd5 {[%emt 0:00:07]} 25. Kd2 {[%emt 0:00:06]} Rdc7 {[%emt 0:00:16]} 26. a3 {[%emt 0:01:04]} Kg6 {[%emt 0:00:06]} 27. Kc2 {[%emt 0:00:15]} a5 {[%emt 0:00:05]} 28. Kb3 {[%emt 0:00:04]} Rc4 {[%emt 0:00:06]} 29. Kc2 {[%emt 0:00:15]} b4 {[%emt 0:00:06]} 30. axb4 {[%emt 0:00:02]} axb4 {[%emt 0:00:02]} 31. Ra1 {[%emt 0:00:13]} bxc3 {[%emt 0:00:24]} 32. Rxc3 {[%emt 0:00:22]} Rxc3+ {[%emt 0:00:08]} 33. bxc3 {[%emt 0:00:03]} h5 {[%emt 0:00:07]} 34. Ra7 {[%emt 0:00:11]} g4 {[%emt 0:00:21]} 35. h4 {[%emt 0:00:29]} Rb8 {[%emt 0:00:26]} 36. Kc1 {[%emt 0:00:21]} Rh8 {[%emt 0:00:25]} 37. Kd2 {[%emt 0:00:07]} Kg7 {[%emt 0:00:03]} 38. Kd3 {[%emt 0:00:26]} Rb8 {[%emt 0:00:24]} 39. Kc2 {[%emt 0:00:01]} Kg6 {[%emt 0:00:02]} 40. Kc1 {[%emt 0:00:16]} f6 {[%emt 0:01:23]} 41. Ra6 {[%emt 0:00:32]} Kf5 {[%emt 0:00:04]} 42. Kc2 {[%emt 0:00:05]} Rb7 {[%emt 0:00:12]} 43. Kc1 {[%emt 0:00:23]} Re7 {[%emt 0:00:07]} 44. Kd2 {[%emt 0:00:12]} Rc7 {[%emt 0:00:19]} 45. Kc2 {[%emt 0:00:11]} e5 {[%emt 0:00:10]} 46. dxe5 {[%emt 0:00:14]} fxe5 {[%emt 0:00:10]} 47. Kd3 {[%emt 0:00:19]} e4+ {[%emt 0:03:08]} 48. Kd4 {[%emt 0:00:01]} Rc4+ {[%emt 0:00:02]} 49. Kxd5 {[%emt 0:00:02]} Rxc3 {[%emt 0:00:02]} 50. Rh6 {[%emt 0:00:10]} Rd3+ {[%emt 0:00:02]} 51. Kc4 {[%emt 0:00:07]} Rf3 {[%emt 0:00:51]} 52. Rxh5+ {[%emt 0:00:06]} Kf6 {[%emt 0:01:59]} 53. Kd4 {[%emt 0:00:13]} e3 {[%emt 0:00:36]} 54. fxe3 {[%emt 0:00:04]} Rxg3 {[%emt 0:00:04]} 55. Rg5 {[%emt 0:00:06]} Rg1 {[%emt 0:00:11]} 56. Ke4 {[%emt 0:00:04]} g3 {[%emt 0:00:08]} 57. Kf3 {[%emt 0:00:04]} Rh1 {[%emt 0:00:15]} 58. Kxg3 {[%emt 0:00:04]} Re1 {[%emt 0:00:40]} 59. Kf4 {[%emt 0:00:08]} Rh1 {[%emt 0:00:08]} 60. Rg4 {[%emt 0:00:06]} Rf1+ {[%emt 0:00:06]} 61. Ke4 {[%emt 0:00:02]} Rh1 {[%emt 0:00:06]} 62. Rf4+ {[%emt 0:00:03]} Ke6 {[%emt 0:00:11]} 63. Kf3 {[%emt 0:00:09]} Rh3+ {[%emt 0:00:05]} 64. Kg4 {[%emt 0:00:08]} Rxe3 {[%emt 0:00:03]} 65. Kg5 {[%emt 0:00:07]} Rg3+ {[%emt 0:00:10]} 66. Kh6 {[%emt 0:00:02]} Ke7 {[%emt 0:00:08]} 67. h5 {[%emt 0:00:05]} Rg2 {[%emt 0:00:03]} 68. Kh7 {[%emt 0:00:06]} Rg5 {[%emt 0:00:05]} 69. Kh6 {[%emt 0:00:04]} Rg1 {[%emt 0:00:02]} 70. Kh7 {[%emt 0:00:02]} Rg5 {[%emt 0:00:04]} 71. h6 {[%emt 0:00:01]} Rg2 {[%emt 0:00:03]} 72. Kh8 {[%emt 0:00:07]} Rg6 {[%emt 0:00:06]} 73. h7 {[%emt 0:00:10]} Rg2 {[%emt 0:00:03]} 74. Rf7+ {[%emt 0:00:03]} Kxf7 {[%emt 0:00:04]} 1/2-1/2

[Event "European Online Club-ch-A 2021"]
[Site "Online"]
[Date "2021.03.27"]
[Round "1.13"]
[White "Hera, Imre Jr."]
[Black "Valdes Escobar, Alvaro"]
[Result "1-0"]
[WhiteElo "2610"]
[BlackElo "2355"]
[Annotator "ChessBase"]
[PlyCount "67"]
[EventDate "2021.03.27"]
[EventType "team-tourn"]
[EventCountry "NET"]
[SourceTitle "playchess.com"]
[Source "ChessBase"]
[SourceQuality "1"]
[TimeControl "900+5"]

1. c4 {[%emt 0:00:00]} Nf6 {[%emt 0:00:12]} 2. Nc3 {[%emt 0:00:03]} c5 {[%emt 0:00:48]} 3. g3 {[%emt 0:00:03]} Nc6 {[%emt 0:00:40]} 4. Bg2 {[%emt 0:00:03]} g6 {[%emt 0:00:53]} 5. e3 {[%emt 0:00:10]} Bg7 {[%emt 0:00:10]} 6. Nge2 {[%emt 0:00:01]} O-O {[%emt 0:00:04]} 7. O-O {[%emt 0:00:03]} d6 {[%emt 0:00:56]} 8. d3 {[%emt 0:00:03]} e5 {[%emt 0:01:39]} 9. a3 {[%emt 0:00:17]} a5 {[%emt 0:00:11]} 10. Rb1 {[%emt 0:01:31]} Be6 {[%emt 0:00:07]} 11. Nd5 {[%emt 0:00:03]} Rb8 {[%emt 0:00:57]} 12. Nec3 {[%emt 0:00:05]} Bd7 {[%emt 0:02:42]} 13. Nb5 {[%emt 0:03:16]} Bc8 {[%emt 0:00:22]} 14. Bd2 {[%emt 0:00:42]} Nxd5 {[%emt 0:00:43]} 15. cxd5 {[%emt 0:00:02]} Ne7 {[%emt 0:00:02]} 16. b4 {[%emt 0:00:01]} axb4 {[%emt 0:00:25]} 17. axb4 {[%emt 0:00:01]} b6 {[%emt 0:00:54]} 18. Na7 {[%emt 0:00:11]} Bf5 {[%emt 0:01:00]} 19. Qb3 {[%emt 0:00:48]} Qc7 {[%emt 0:00:41]} 20. Nc6 {[%emt 0:00:09]} Nxc6 {[%emt 0:01:18]} 21. dxc6 {[%emt 0:00:02]} Be6 {[%emt 0:00:44]} 22. Bd5 {[%emt 0:00:04]} Bxd5 {[%emt 0:00:21]} 23. Qxd5 {[%emt 0:00:03]} Rbc8 {[%emt 0:00:01]} 24. b5 {[%emt 0:00:04]} Ra8 {[%emt 0:00:02]} 25. Ra1 {[%emt 0:00:13]} Kh8 {[%emt 0:00:11]} 26. Bc3 {[%emt 0:00:13]} f5 {[%emt 0:00:15]} 27. Rxa8 {[%emt 0:00:29]} Rxa8 {[%emt 0:00:02]} 28. Ra1 {[%emt 0:00:01]} Rxa1+ {[%emt 0:00:13]} 29. Bxa1 {[%emt 0:00:02]} Bf6 {[%emt 0:00:26]} 30. f4 {[%emt 0:00:28]} Kg7 {[%emt 0:00:10]} 31. fxe5 {[%emt 0:00:12]} dxe5 {[%emt 0:00:07]} 32. Bc3 {[%emt 0:00:45]} h5 {[%emt 0:00:11]} 33. Qa2 {[%emt 0:01:27]} Kh6 {[%emt 0:00:07]} 34. Qe6 {[%emt 0:00:14]} 1-0

[Event "European Online Club-ch-A 2021"]
[Site "Online"]
[Date "2021.03.27"]
[Round "1.14"]
[White "Fitzsimons, David"]
[Black "Nemeth, Miklos"]
[Result "0-1"]
[WhiteElo "2324"]
[BlackElo "2488"]
[Annotator "ChessBase"]
[PlyCount "172"]
[EventDate "2021.03.27"]
[EventType "team-tourn"]
[EventCountry "NET"]
[SourceTitle "playchess.com"]
[Source "ChessBase"]
[SourceQuality "1"]
[TimeControl "900+5"]

1. e4 {[%emt 0:00:00]} e5 {[%emt 0:00:04]} 2. Nf3 {[%emt 0:00:05]} Nc6 {[%emt 0:00:03]} 3. Nc3 {[%emt 0:00:04]} Nf6 {[%emt 0:00:04]} 4. Bb5 {[%emt 0:00:02]} Bb4 {[%emt 0:00:03]} 5. O-O {[%emt 0:00:02]} O-O {[%emt 0:00:07]} 6. Bxc6 {[%emt 0:00:02]} dxc6 {[%emt 0:00:03]} 7. d3 {[%emt 0:00:01]} Bg4 {[%emt 0:00:04]} 8. h3 {[%emt 0:00:03]} Bh5 {[%emt 0:00:04]} 9. Kh2 {[%emt 0:00:03]} Re8 {[%emt 0:00:08]} 10. Rg1 {[%emt 0:00:17]} Bxc3 {[%emt 0:01:10]} 11. bxc3 {[%emt 0:00:03]} Nd7 {[%emt 0:00:02]} 12. g4 {[%emt 0:00:05]} Bg6 {[%emt 0:00:01]} 13. h4 {[%emt 0:01:36]} h5 {[%emt 0:00:51]} 14. Ng5 {[%emt 0:05:03]} Nf6 {[%emt 0:00:53]} 15. gxh5 {[%emt 0:00:17]} Bxh5 {[%emt 0:00:31]} 16. f3 {[%emt 0:00:03]} Nh7 {[%emt 0:01:34]} 17. Qe1 {[%emt 0:01:04]} Nf8 {[%emt 0:01:24]} 18. Qg3 {[%emt 0:00:36]} g6 {[%emt 0:00:22]} 19. f4 {[%emt 0:00:46]} Qd6 {[%emt 0:01:25]} 20. f5 {[%emt 0:01:12]} c5 {[%emt 0:00:36]} 21. c4 {[%emt 0:00:33]} Nd7 {[%emt 0:01:36]} 22. Bb2 {[%emt 0:00:58]} Re7 {[%emt 0:00:41]} 23. Raf1 {[%emt 0:00:05]} Rf8 {[%emt 0:01:18]} 24. Nf3 {[%emt 0:00:49]} f6 {[%emt 0:00:57]} 25. fxg6 {[%emt 0:00:04]} Rg7 {[%emt 0:00:02]} 26. Bc1 {[%emt 0:00:22]} Rxg6 {[%emt 0:00:08]} 27. Qh3 {[%emt 0:00:04]} Rxg1 {[%emt 0:00:44]} 28. Rxg1+ {[%emt 0:00:04]} Kf7 {[%emt 0:00:02]} 29. Qf5 {[%emt 0:00:24]} Bxf3 {[%emt 0:00:27]} 30. Qxf3 {[%emt 0:00:03]} Rh8 {[%emt 0:00:19]} 31. h5 {[%emt 0:00:08]} Nf8 {[%emt 0:00:28]} 32. Qg4 {[%emt 0:00:33]} Ne6 {[%emt 0:00:12]} 33. Qg6+ {[%emt 0:00:03]} Ke7 {[%emt 0:00:02]} 34. Bh6 {[%emt 0:00:19]} Kd7 {[%emt 0:00:46]} 35. Qxf6 {[%emt 0:00:16]} Rh7 {[%emt 0:00:08]} 36. Qg6 {[%emt 0:00:39]} Qe7 {[%emt 0:00:06]} 37. Bg5 {[%emt 0:00:13]} Qg7 {[%emt 0:00:04]} 38. Qxg7+ {[%emt 0:00:14]} Nxg7 {[%emt 0:00:06]} 39. h6 {[%emt 0:00:02]} Ne6 {[%emt 0:00:02]} 40. Be3 {[%emt 0:00:02]} Ke7 {[%emt 0:00:04]} 41. Rg8 {[%emt 0:00:13]} b6 {[%emt 0:00:07]} 42. Kg3 {[%emt 0:00:05]} Kf6 {[%emt 0:00:11]} 43. Kg4 {[%emt 0:00:04]} a5 {[%emt 0:00:08]} 44. Kh5 {[%emt 0:00:20]} Kf7 {[%emt 0:00:07]} 45. Rc8 {[%emt 0:00:03]} Kf6 {[%emt 0:00:04]} 46. c3 {[%emt 0:00:02]} Ng7+ {[%emt 0:00:06]} 47. Kg4 {[%emt 0:00:03]} Ne6 {[%emt 0:00:01]} 48. Kh4 {[%emt 0:00:08]} Kf7 {[%emt 0:00:16]} 49. a4 {[%emt 0:00:05]} Kf6 {[%emt 0:00:02]} 50. Kh5 {[%emt 0:00:02]} Ng7+ {[%emt 0:00:03]} 51. Kg4 {[%emt 0:00:02]} Ne6 {[%emt 0:00:01]} 52. Re8 {[%emt 0:00:05]} Kf7 {[%emt 0:00:03]} 53. Rb8 {[%emt 0:00:03]} Kf6 {[%emt 0:00:02]} 54. Rb7 {[%emt 0:00:06]} Kf7 {[%emt 0:00:02]} 55. Kf5 {[%emt 0:00:04]} Rh8 {[%emt 0:00:02]} 56. Kxe5 {[%emt 0:00:08]} Ke7 {[%emt 0:00:05]} 57. d4 {[%emt 0:00:10]} Kd7 {[%emt 0:00:03]} 58. d5 {[%emt 0:00:04]} Nd8 {[%emt 0:00:05]} 59. Ra7 {[%emt 0:00:03]} Nf7+ {[%emt 0:00:02]} 60. Kf6 {[%emt 0:00:03]} Nxh6 {[%emt 0:00:22]} 61. Kg7 {[%emt 0:00:03]} Re8 {[%emt 0:00:03]} 62. Bxh6 {[%emt 0:00:07]} Rxe4 {[%emt 0:00:02]} 63. Kf6 {[%emt 0:00:02]} Rxc4 {[%emt 0:00:03]} 64. Kf5 {[%emt 0:00:08]} Kd6 {[%emt 0:00:03]} 65. Bf4+ {[%emt 0:00:02]} Kxd5 {[%emt 0:00:02]} 66. Rxc7 {[%emt 0:00:03]} Rxa4 {[%emt 0:00:09]} 67. Be5 {[%emt 0:00:05]} b5 {[%emt 0:00:04]} 68. Rd7+ {[%emt 0:00:05]} Kc4 {[%emt 0:00:03]} 69. Rh7 {[%emt 0:00:08]} b4 {[%emt 0:00:05]} 70. Rh4+ {[%emt 0:00:07]} Kb3 {[%emt 0:00:02]} 71. c4 {[%emt 0:00:03]} Ra2 {[%emt 0:00:05]} 72. Rh3+ {[%emt 0:00:05]} Kxc4 {[%emt 0:00:03]} 73. Rh4+ {[%emt 0:00:05]} Kb5 {[%emt 0:00:02]} 74. Ke6 {[%emt 0:00:03]} Rd2 {[%emt 0:00:03]} 75. Rh8 {[%emt 0:00:03]} a4 {[%emt 0:00:04]} 76. Rb8+ {[%emt 0:00:03]} Kc4 {[%emt 0:00:03]} 77. Rc8 {[%emt 0:00:03]} a3 {[%emt 0:00:04]} 78. Bd6 {[%emt 0:00:01]} Rxd6+ {[%emt 0:00:04]} 79. Kxd6 {[%emt 0:00:03]} a2 {[%emt 0:00:02]} 80. Ra8 {[%emt 0:00:08]} b3 {[%emt 0:00:04]} 81. Ra4+ {[%emt 0:00:12]} Kb5 {[%emt 0:00:06]} 82. Ra8 {[%emt 0:00:02]} b2 {[%emt 0:00:05]} 83. Rb8+ {[%emt 0:00:04]} Kc4 {[%emt 0:00:04]} 84. Rxb2 {[%emt 0:00:03]} a1=Q {[%emt 0:00:04]} 85. Rc2+ {[%emt 0:00:02]} Kd4 {[%emt 0:00:06]} 86. Rd2+ {[%emt 0:00:03]} Kc3 {[%emt 0:00:04]} 0-1

[Event "European Online Club-ch-A 2021"]
[Site "Online"]
[Date "2021.03.27"]
[Round "1.15"]
[White "Kovacs, Gabor"]
[Black "Pein, Malcolm"]
[Result "1/2-1/2"]
[WhiteElo "2455"]
[BlackElo "2309"]
[Annotator "ChessBase"]
[PlyCount "63"]
[EventDate "2021.03.27"]
[EventType "team-tourn"]
[EventCountry "NET"]
[SourceTitle "playchess.com"]
[Source "ChessBase"]
[SourceQuality "1"]
[TimeControl "900+5"]

1. c4 {[%emt 0:00:00]} Nf6 {[%emt 0:00:43]} 2. Nf3 {[%emt 0:00:04]} b6 {[%emt 0:00:24]} 3. g3 {[%emt 0:00:07]} Bb7 {[%emt 0:00:16]} 4. Bg2 {[%emt 0:00:02]} e6 {[%emt 0:00:54]} 5. O-O {[%emt 0:00:03]} Be7 {[%emt 0:00:05]} 6. Nc3 {[%emt 0:00:12]} O-O {[%emt 0:00:02]} 7. Re1 {[%emt 0:00:06]} c5 {[%emt 0:00:23]} 8. e4 {[%emt 0:00:04]} d6 {[%emt 0:00:03]} 9. d4 {[%emt 0:00:06]} cxd4 {[%emt 0:00:01]} 10. Nxd4 {[%emt 0:00:01]} Qc7 {[%emt 0:00:37]} 11. b3 {[%emt 0:00:22]} a6 {[%emt 0:00:07]} 12. Be3 {[%emt 0:00:50]} Nbd7 {[%emt 0:00:05]} 13. Rc1 {[%emt 0:00:03]} Rac8 {[%emt 0:00:18]} 14. Qe2 {[%emt 0:00:24]} Qb8 {[%emt 0:00:15]} 15. f3 {[%emt 0:00:16]} Rfe8 {[%emt 0:00:05]} 16. g4 {[%emt 0:00:36]} h6 {[%emt 0:00:45]} 17. f4 {[%emt 0:01:14]} Nc5 {[%emt 0:02:27]} 18. Bf2 {[%emt 0:01:06]} e5 {[%emt 0:03:35]} 19. fxe5 {[%emt 0:00:16]} dxe5 {[%emt 0:00:02]} 20. Nf5 {[%emt 0:00:02]} Ne6 {[%emt 0:00:32]} 21. Nxe7+ {[%emt 0:01:15]} Rxe7 {[%emt 0:00:03]} 22. Nd5 {[%emt 0:00:21]} Nxd5 {[%emt 0:00:19]} 23. cxd5 {[%emt 0:00:04]} Nd4 {[%emt 0:01:02]} 24. Qd3 {[%emt 0:00:21]} Rxc1 {[%emt 0:01:00]} 25. Rxc1 {[%emt 0:00:04]} Rc7 {[%emt 0:00:03]} 26. Rd1 {[%emt 0:00:26]} Rc3 {[%emt 0:00:10]} 27. Qf1 {[%emt 0:00:13]} Bc8 {[%emt 0:00:28]} 28. h3 {[%emt 0:00:18]} Rc2 {[%emt 0:00:14]} 29. Qd3 {[%emt 0:01:56]} Rc3 {[%emt 0:00:26]} 30. Qf1 {[%emt 0:01:04]} Rc2 {[%emt 0:00:02]} 31. Qd3 {[%emt 0:00:01]} Rc3 {[%emt 0:00:15]} 32. Qf1 {[%emt 0:00:04]} 1/2-1/2

[Event "European Online Club-ch-A 2021"]
[Site "Online"]
[Date "2021.03.27"]
[Round "1.16"]
[White "Czopor, Maciej"]
[Black "Csonka, Attila Istvan"]
[Result "1/2-1/2"]
[WhiteElo "2239"]
[BlackElo "2362"]
[Annotator "NA"]
[PlyCount "74"]
[EventDate "2021.03.27"]
[EventType "team-tourn"]
[EventCountry "NET"]
[SourceTitle "playchess.com"]
[Source "ChessBase"]
[SourceQuality "1"]
[TimeControl "900+5"]

1. e4 {[%emt 0:00:00]} c5 {[%emt 0:00:06]} 2. Nf3 {[%emt 0:00:04]} e6 {[%emt 0:00:06]} 3. d4 {[%emt 0:00:02]} cxd4 {[%emt 0:00:02]} 4. Nxd4 {[%emt 0:00:01]} Nc6 {[%emt 0:00:01]} 5. Nc3 {[%emt 0:00:02]} Qc7 {[%emt 0:00:03]} 6. Qd3 {[%emt 0:00:12]} a6 {[%emt 0:00:04]} 7. Nxc6 {[%emt 0:00:03]} dxc6 {[%emt 0:00:07]} 8. Qg3 {[%emt 0:00:56]} Qxg3 {[%emt 0:00:22]} 9. hxg3 {[%emt 0:00:02]} e5 {[%emt 0:00:04]} 10. Be3 {[%emt 0:01:51]} Be6 {[%emt 0:00:07]} 11. O-O-O {[%emt 0:00:13]} Nf6 {[%emt 0:00:22]} 12. f3 {[%emt 0:00:15]} Nd7 {[%emt 0:00:19]} 13. Na4 {[%emt 0:01:38]} b5 {[%emt 0:01:11]} 14. Nb6 {[%emt 0:00:31]} Rd8 {[%emt 0:00:15]} 15. Be2 {[%emt 0:01:18]} Bc5 {[%emt 0:00:53]} 16. Bxc5 {[%emt 0:00:13]} Nxc5 {[%emt 0:00:04]} 17. b4 {[%emt 0:00:16]} Nd7 {[%emt 0:02:09]} 18. Nxd7 {[%emt 0:01:09]} Rxd7 {[%emt 0:00:03]} 19. a3 {[%emt 0:01:02]} Rxd1+ {[%emt 0:00:19]} 20. Rxd1 {[%emt 0:00:05]} Ke7 {[%emt 0:00:03]} 21. c3 {[%emt 0:00:26]} Rc8 {[%emt 0:01:00]} 22. Kb2 {[%emt 0:00:36]} h6 {[%emt 0:00:25]} 23. a4 {[%emt 0:00:21]} Rd8 {[%emt 0:00:06]} 24. Rxd8 {[%emt 0:01:00]} Kxd8 {[%emt 0:00:04]} 25. a5 {[%emt 0:00:33]} Ke7 {[%emt 0:00:44]} 26. Kc2 {[%emt 0:00:54]} f6 {[%emt 0:02:04]} 27. Kd2 {[%emt 0:00:05]} Kd6 {[%emt 0:00:05]} 28. Ke3 {[%emt 0:00:07]} Bf7 {[%emt 0:01:46]} 29. f4 {[%emt 0:00:33]} Be6 {[%emt 0:00:02]} 30. Bh5 {[%emt 0:00:07]} Bc4 {[%emt 0:00:05]} 31. Bg6 {[%emt 0:00:18]} Be6 {[%emt 0:00:08]} 32. Kf3 {[%emt 0:00:16]} Ke7 {[%emt 0:00:10]} 33. Bh5 {[%emt 0:00:55]} Kd6 {[%emt 0:00:08]} 34. Ke3 {[%emt 0:00:54]} Ke7 {[%emt 0:00:04]} 35. Be2 {[%emt 0:00:18]} Kd6 {[%emt 0:00:09]} 36. Bf3 {[%emt 0:00:06]} Ke7 {[%emt 0:00:03]} 37. Be2 {[%emt 0:00:02]} Kd6 {[%emt 0:00:02]} 1/2-1/2